Les Pokémon des champions d'arène et du Conseil 4 de Kalos - Statistiques

Statistiques générales
  • Ce quiz a été pris 97 fois
  • Le résultat moyen est 31 sur 42
Statistiques - réponses
Hint Réponse % Correct
Cornélia Lucario (X2)
94%
Ptyranidur
93%
Gardevoir
91%
Rexillius
91%
Lino Amagara
90%
Chevroum
90%
Prismillon
90%
Léviator
89%
Dracéna Kravarech
87%
Exagide
87%
Iguolta
87%
Séracrawl
87%
Malva Némélios
86%
Narcisse Gamblast
86%
Dragmara
84%
Violette Arakdo
83%
Nymphali
83%
Muplodocus
81%
Dianthéa Brutalibré
80%
Thyméo Trousselin
77%
Urup Blizzaroi
74%
Magneton
74%
Golgopathe
73%
Mistigrix
73%
Flambusard
71%
Bruyverne
70%
Chartor
63%
Banshitrouye
61%
Boustiflor
60%
Drakkarmin
60%
Staross
60%
Altaria
59%
Hexagel
59%
Cizayox
57%
Lugulabre
56%
Valérianne Mysdibule
54%
Lem Emolga
53%
Amaro Cotovol
51%
M. Mime
50%
Roigada
50%
Astera Cryptéro
47%
Tarinorme
43%
Aucun quiz correspondant
Distribution des résultats
% des personnes avec chaque résultat
Percentile par nombre de réponses
Votre historique - résultats
Vous n’avez pas pris ce quiz